|
|
|
|
| LEADER |
01662nam a2200457 a 4500 |
| 001 |
nkc20112256885 |
| 003 |
CZ PrNK |
| 005 |
20120105070942.0 |
| 007 |
ta |
| 008 |
111130s2011 xr h e 001 0dcze |
| 015 |
|
|
|a cnb002256885
|
| 020 |
|
|
|a 978-80-7438-050-1
|q (váz.)
|
| 035 |
|
|
|a (OCoLC)773173281
|
| 040 |
|
|
|a ABA001
|b cze
|
| 041 |
1 |
|
|a cze
|h eng
|
| 072 |
|
7 |
|a 617
|x Ortopedie. Chirurgie. Oftalmologie
|2 Konspekt
|9 14
|
| 080 |
|
|
|a 617.75
|2 MRF
|
| 080 |
|
|
|a 316.344.6-056.262
|2 MRF
|
| 080 |
|
|
|a 616.1/.9-052-07/-08
|2 MRF
|
| 080 |
|
|
|a (078.7)
|2 MRF
|
| 100 |
1 |
|
|a Sacks, Oliver,
|d 1933-2015
|7 jn19990007290
|4 aut
|
| 245 |
1 |
0 |
|a Zrak mysli /
|c Oliver Sacks ; [z anglického originálu ... přeložil Václav Petr]
|
| 250 |
|
|
|a Vyd. 1.
|
| 260 |
|
|
|a Praha :
|b Dybbuk,
|c 2011
|
| 300 |
|
|
|a 214 s. :
|b faksim. ;
|c 22 cm
|
| 504 |
|
|
|a Obsahuje bibliografii, bibliografické odkazy a rejstřík
|
| 650 |
0 |
7 |
|a zrakové vady
|7 ph135135
|2 czenas
|
| 650 |
0 |
7 |
|a osoby se zrakovým postižením
|7 ph127686
|2 czenas
|
| 650 |
0 |
7 |
|a kazuistiky (lékařství)
|7 ph122501
|2 czenas
|
| 650 |
0 |
9 |
|a visual disorders
|2 eczenas
|
| 650 |
0 |
9 |
|a people with visual disabilities
|2 eczenas
|
| 650 |
0 |
9 |
|a casuistics
|2 eczenas
|
| 655 |
|
7 |
|a případové studie
|7 fd133208
|2 czenas
|
| 655 |
|
9 |
|a case studies
|2 eczenas
|
| 765 |
0 |
|
|t Mind's eye
|9 Česky
|
| 856 |
4 |
1 |
|u http://www.digitalniknihovna.cz/mzk/uuid/uuid:85c7bd00-e5e6-11ea-87fa-005056827e52
|y Digitalizovaný dokument
|x NDK
|
| 910 |
2 |
|
|a BOA001
|b 2-1274.529
|
| 990 |
|
|
|a BK
|
| 995 |
|
|
|a 01
|
| 991 |
|
|
|b 201112
|c NOV
|e n
|
| 996 |
6 |
|
|b 2610495557
|c 2-1274.529
|l MZK
|r Sklad / do 1 hodiny
|n 5
|p p.v.
|w 001217035
|u 000010
|a 1
|e BOA001
|j MZK50
|s P
|